Nalaganje...

Changambuzha kaalam kavitha kalaapam/

Bibliografske podrobnosti
Glavni avtor: Nandakumar, K P
Jezik:English
Izdano: Kollam Saindhava Books 2017
LEADER 00467 a2200145 4500
008 180307b xxu||||| |||| 00| 0 eng d
999 |c 185860  |d 185860 
041 |a MAL 
084 |2 cc  |a O32,1N131x 
100 |a Nandakumar, K P 
245 |a Changambuzha kaalam kavitha kalaapam/ 
260 |b Saindhava Books  |c 2017  |a Kollam 
300 |b 224p. 
942 |c GEN 
952 |0 0  |1 0  |4 0  |6 O_321N131X_Q3  |7 0  |9 326046  |a LIB  |b LIB  |d 2018-01-18  |e 5  |g 147.00  |o O32,1N131x Q3  |p 305871  |r 2018-01-18  |v 210.00  |y GEN